00782na a2200253 450000100060000000300080000600500170001400800410003102000150007203500100008704000250009704100080012208200240013010000330015424500700018725000110025726000340026830000190030249000390032149000390036060000570039965000290045665100430048515371MIRAKIL20190415132232.0161101b tu 000 0  a9754948941 a15371 aMilasbturcTR-AnCHP atur a320.9561bA61b 2000 aArcayürek, Cüneytd1928- aBekleyen adamın gerçekleşen düşücCüneyt Arcayürek a2. bs. aAnkarabBilgi Yayınevic2000 a473 s.c20 sm. aCüneyt Arcayürek Anlatıyorv4 aBilgi yayınları/bilgi dizisiv33 aDemirel, Süleymanc1924-2015xSiyaset ve yönetim aSiyasal tarihzTürkiye aTürkiyexSiyaset ve yönetimy1990-